न आनेवाला कल / (Record no. 13980)
[ view plain ]
| 000 -LEADER | |
|---|---|
| fixed length control field | 00608nam a22001937a 4500 |
| 005 - DATE AND TIME OF LATEST TRANSACTION | |
| control field | 20180910150025.0 |
| 008 - FIXED-LENGTH DATA ELEMENTS--GENERAL INFORMATION | |
| fixed length control field | 080625t xxu||||| |||| 00| 0 hin d |
| 010 ## - LCCN (DPL NO) | |
| LC control number | HIN-46009 |
| 020 ## - INTERNATIONAL STANDARD BOOK NUMBER | |
| Terms of availability | 40.00 |
| 035 ## - SYSTEM CONTROL NUMBER | |
| System control number | HN-27337, A-228646 |
| 037 ## - SOURCE OF ACQUISITION | |
| Source of stock number/acquisition | DBAD |
| 040 ## - CATALOGING SOURCE | |
| Original cataloging agency | dpl |
| Language of cataloging | HN |
| 082 ## - DEWEY DECIMAL CLASSIFICATION NUMBER | |
| Classification number | उ / मोहन |
| 100 ## - MAIN ENTRY--PERSONAL NAME | |
| Personal name | मोहन राकेश |
| 245 ## - TITLE STATEMENT | |
| Title | न आनेवाला कल / |
| Statement of responsibility, etc | मोहन राकेश |
| 260 ## - PUBLICATION, DISTRIBUTION, ETC. (IMPRINT) | |
| Place of publication, distribution, etc | दिल्ली |
| Name of publisher, distributor, etc | राजपाल |
| Date of publication, distribution, etc | 1999 |
| 300 ## - PHYSICAL DESCRIPTION | |
| Extent | 176पृ |
| Dimensions | 20सेमी. (अजिल्द) |
| 942 ## - ADDED ENTRY ELEMENTS (KOHA) | |
| Item type | Hindi Books |
| Source of classification or shelving scheme | Dewey Decimal Classification |
| Classification part | उ |
| Call number suffix | मोहन |
| Withdrawn status | Lost status | Source of classification or shelving scheme | Damaged status | Not for loan | Collection code | Home library | Current library | Date acquired | Cost, normal purchase price | Total Checkouts | Full call number | Barcode | Date last seen | Copy number | Cost, replacement price | Koha item type |
|---|---|---|---|---|---|---|---|---|---|---|---|---|---|---|---|---|
| Dewey Decimal Classification | Not For Loan | Fiction | D.B.Act.Division | D.B.Act.Division | 25/06/2008 | 40.00 | उ / मोहन | HN-27337 | 15/09/2008 | 1 | 40.00 | Hindi Books |
